Τα γράμματα εις την Χίον κατά την τουρκοκρατίαν 1566 - 1822 : σχολεία και λόγιοι

Αποθηκεύτηκε σε:
Λεπτομέρειες βιβλιογραφικής εγγραφής
Κύριος συγγραφέας: Άμαντος, Κωνσταντίνος Ι., 1874-1960
Μορφή: Βιβλίο
Γλώσσα:Greek
Δημοσίευση: Αθήνα : Καραβίας, 1988
Σειρά:Βιβλιοθήκη ιστορικών μελετών ; ; 104
Θέματα:
Ετικέτες: Προσθήκη ετικέτας
Δεν υπάρχουν, Καταχωρήστε ετικέτα πρώτοι!

MARC

LEADER 00000nam a2200000 i 4500
001 1/48220
008 960313s1988 gre d
035 |l 10026634 
040 |a GR-MY-UA  |b gre  |e aacr 
041 0 |a gre 
082 0 |a 370.9499 
100 1 |a Άμαντος, Κωνσταντίνος Ι.,   |d 1874-1960. 
245 1 3 |a Τα γράμματα εις την Χίον κατά την τουρκοκρατίαν 1566 - 1822 :  |b σχολεία και λόγιοι /  |c Κων/νος Ι.Αμαντος 
260 |a Αθήνα :   |b Καραβίας,   |c 1988 
300 |a 246 σ. 
490 1 |a Βιβλιοθήκη ιστορικών μελετών  |v ; 104 
500 |a Ανατύπωσις μετά προσθήκης 
650 0 0 |a Education  |z Chios Island (Greece)  |x History. 
650 0 0 |a Schools  |z Chios Island (Greece) 
830 0 |a Βιβλιοθήκη ιστορικών μελετών ;  |v ; 104 
852 |a INST  |b CHIOS  |e 19960313  |h 370.9499 ΑΜΑ  |p 005200002927  |q 005200002927  |t BK  |y 0 
909 |a Χ  |b 010092 
922 |a 2ΕΛΗ  |b 198803  |c ΠΑΝΑΓΙΩΤΟΠΟΥΛΟΥ